000 00241nam a22000977a 4500
003 OSt
008 150321b xxu||||| |||| 00| 0 eng d
041 _aeng
245 1 0 _aThe United States Commemorative Stamps of the 20th Century
300 _a0 pages
999 _c1068
_d1068